[Event "Marburg op"]
[Site "Marburg"]
[Date "2024.10.27"]
[Round "7"]
[White "Alkayas, Shadi"]
[Black "Blaschke, Henri Johannes"]
[Result "1/2-1/2"]
[WhiteElo "1866"]
[BlackElo "1972"]
[PlyCount "110"]
[EventDate "2024.10.24"]
[EventType "swiss"]
[EventRounds "7"]
[EventCountry "GER"]
[SourceTitle "CB16_2025"]
[SourceDate "2025.04.16"]
[SourceVersion "1"]
[SourceVersionDate "2025.04.16"]
[SourceQuality "1"]

1. e4 c5 2. Nf3 Nc6 3. d4 cxd4 4. Nxd4 e5 5. Nxc6 bxc6 6. Bc4 Be7 7. 0-0 Nf6 8. Nc3 h6 9. f4 d6 10. f5 Qb6+ 11. Kh1 Ba6 12. b3 Rd8 13. Bxa6 Qxa6 14. Qf3 Nh7 15. g3 Nf6 16. Rd1 d5 17. Bb2 d4 18. Na4 c5 19. Qd3 c4 20. Qxc4 Qxc4 21. bxc4 Rc8 22. c5 Nxe4 23. Re1 Nxc5 24. Nxc5 Rxc5 25. Ba3 Ra5 26. Bb2 Rb5 27. Rab1 0-0 28. a4 Rd5 29. c3 dxc3 30. Bxc3 f6 31. Re2 Rc8 32. Be1 Bc5 33. Rc2 Rcd8 34. Kg2 Bb6 35. Rbb2 Kf7 36. a5 Bd4 37. Rb7+ R5d7 38. Rcc7 Rxc7 39. Rxc7+ Kg8 40. Bf2 Rd5 41. a6 Rd6 42. Bxd4 exd4 43. Rxa7 d3 44. Ra8+ Kf7 45. a7 d2 46. Rf8+ Kxf8 47. a8Q+ Ke7 48. Qb7+ Rd7 49. Qe4+ Kd8 50. Qa8+ Ke7 51. Qe4+ Kf8 52. Qb4+ Ke8 53. Qe4+ Kd8 54. Qa8+ Ke7 55. Qe4+ Kd8 1/2-1/2

[Event "Marburg op"]
[Site "Marburg"]
[Date "2024.10.26"]
[Round "5"]
[White "Feick, Claas Marten"]
[Black "Blaschke, Henri Johannes"]
[Result "0-1"]
[WhiteElo "1823"]
[BlackElo "1972"]
[PlyCount "96"]
[EventDate "2024.10.24"]
[EventType "swiss"]
[EventRounds "7"]
[EventCountry "GER"]
[SourceTitle "CB16_2025"]
[SourceDate "2025.04.16"]
[SourceVersion "1"]
[SourceVersionDate "2025.04.16"]
[SourceQuality "1"]

1. e4 c5 2. Nf3 Nc6 3. d4 cxd4 4. Nxd4 g6 5. Nc3 Bg7 6. Be3 Nf6 7. Bc4 Qa5 8. 0-0 Qb4 9. Nxc6 bxc6 10. Qd4 Qxb2 11. Rab1 Qa3 12. Rb3 Qa5 13. e5 Ng8 14. f4 Nh6 15. Qc5 Qxc5 16. Bxc5 f6 17. exf6 Bxf6 18. Ne4 Bg7 19. Ng5 d6 20. Bb4 Nf5 21. Bc3 d5 22. Bxg7 Nxg7 23. Bd3 0-0 24. g3 Nf5 25. Nf3 e5 26. c4 Ne3 27. Be4 dxe4 28. Rxe3 exf3 29. Rxe5 Ba6 30. Rxf3 Bxc4 31. Rc3 Bxa2 32. Rxc6 a5 33. Re7 Rf7 34. Rxf7 Bxf7 35. Rc3 a4 36. Ra3 Bb3 37. Kg2 Rd8 38. Kh3 Rd1 39. g4 Kg7 40. g5 Rg1 41. Kh4 h6 42. h3 hxg5+ 43. fxg5 Rd1 44. Kg4 Rd4+ 45. Kg3 Rd3+ 46. Kh4 Kh8 47. Kg4 Be6+ 48. Kh4 Rxh3+ 0-1

[Event "Marburg op-A"]
[Site "Marburg"]
[Date "2023.10.28"]
[Round "5"]
[White "Blaschke, Henri Johannes"]
[Black "Stepanjan, Marianne"]
[Result "1-0"]
[WhiteElo "1873"]
[BlackElo "1632"]
[PlyCount "75"]
[EventDate "2023.10.26"]
[EventType "swiss"]
[EventRounds "7"]
[EventCountry "GER"]
[SourceTitle "CBM 217 Extra"]
[Source "ChessBase"]
[SourceDate "2024.01.31"]
[SourceVersion "1"]
[SourceVersionDate "2024.01.31"]
[SourceQuality "1"]

1. Nf3 Nf6 2. c4 g6 3. Nc3 Bg7 4. d4 0-0 5. Bf4 d6 6. e3 Nbd7 7. Be2 c5 8. h3 Nh5 9. Bh2 cxd4 10. Nxd4 Nhf6 11. 0-0 Nc5 12. Rc1 a6 13. Bf3 e5 14. Nb3 Ne6 15. Nd2 Ng5 16. Nde4 Nxf3+ 17. Qxf3 Nxe4 18. Qxe4 Be6 19. b3 Rb8 20. Rfd1 Qg5 21. Qf3 Rfd8 22. Nd5 f5 23. Bg3 Bxd5 24. Rxd5 Qe7 25. Rcd1 b5 26. Qe2 bxc4 27. Qxc4 Ra8 28. Rxd6+ Kf8 29. Rxd8+ Rxd8 30. Rxd8+ Qxd8 31. Qc5+ Qe7 32. Qc8+ Kf7 33. Qxa6 h5 34. Qc4+ Kf8 35. Bh4 g5 36. Qc8+ Kf7 37. Qxf5+ Qf6 38. Qxg5 1-0

[Event "Marburg op-A"]
[Site "Marburg"]
[Date "2023.10.28"]
[Round "4"]
[White "Dubinker, Philipp"]
[Black "Blaschke, Henri Johannes"]
[Result "1/2-1/2"]
[WhiteElo "1715"]
[BlackElo "1873"]
[PlyCount "139"]
[EventDate "2023.10.26"]
[EventType "swiss"]
[EventRounds "7"]
[EventCountry "GER"]
[SourceTitle "CBM 217 Extra"]
[Source "ChessBase"]
[SourceDate "2024.01.31"]
[SourceVersion "1"]
[SourceVersionDate "2024.01.31"]
[SourceQuality "1"]

1. Nf3 Nf6 2. c4 e6 3. g3 d5 4. d4 Bb4+ 5. Bd2 Bd6 6. Bg2 Nbd7 7. 0-0 c6 8. Qc2 0-0 9. Bc3 Ne4 10. Nbd2 Nxc3 11. Qxc3 Nf6 12. Ne5 Bd7 13. e4 Nxe4 14. Nxe4 dxe4 15. Bxe4 Qc7 16. c5 Be7 17. Qc2 h6 18. f4 Rad8 19. Rad1 Be8 20. Qc3 Bf6 21. b4 a6 22. Qe3 Bd7 23. h4 Ra8 24. h5 a5 25. Bb1 axb4 26. Qe4 Rfd8 27. Ng4 Ra3 28. Nxf6+ gxf6 29. Qh7+ Kf8 30. Qxh6+ Ke7 31. Rd3 Rxd3 32. Bxd3 Be8 33. Rf3 Rxd4 34. g4 Qa5 35. g5 Qxc5 36. Qxf6+ Kd7 37. Qe5 Rd5+ 38. Qe3 Qc3 39. h6 f6 40. Be2 Qe1+ 41. Bf1 Qxe3+ 42. Rxe3 Bg6 43. gxf6 Rh5 44. Rh3 Rxh3 45. Bxh3 c5 46. Kf2 c4 47. Ke3 b3 48. axb3 cxb3 49. f5 b2 50. f7 Bxf7 51. fxe6+ Bxe6 52. Bxe6+ Kxe6 53. h7 b1Q 54. h8Q Qb3+ 55. Kd2 Qa2+ 56. Kd3 Qa3+ 57. Kd2 Qa5+ 58. Kd3 Qd5+ 59. Kc2 Kd6 60. Qd8+ Kc5 61. Qa5+ Kc6 62. Qa4+ Qb5 63. Qe4+ Kb6 64. Qh4 Ka5 65. Qe1+ Ka4 66. Qa1+ Kb4 67. Qc3+ Ka4 68. Qa1+ Kb4 69. Qc3+ Ka4 70. Qa1+ 1/2-1/2

[Event "Bad Pyrmont Pape op-A 2nd"]
[Site "Bad Pyrmont"]
[Date "2023.08.12"]
[Round "5"]
[White "Biebinger, Gerhard"]
[Black "Blaschke, Henri Johannes"]
[Result "1/2-1/2"]
[WhiteElo "2230"]
[BlackElo "1866"]
[PlyCount "72"]
[EventDate "2023.08.10"]
[EventType "swiss"]
[EventRounds "7"]
[EventCountry "GER"]
[SourceTitle "EXT 2024"]
[Source "ChessBase"]
[SourceDate "2023.10.10"]
[SourceVersion "1"]
[SourceVersionDate "2023.10.10"]
[SourceQuality "1"]

1. c4 e6 2. g3 Nf6 3. Bg2 d5 4. Nf3 dxc4 5. Qa4+ Bd7 6. Qxc4 c5 7. 0-0 Bc6 8. b3 Nbd7 9. Bb2 Be7 10. d3 0-0 11. Nbd2 Rc8 12. Rac1 Re8 13. Qc2 Bf8 14. Qb1 b6 15. Rfd1 Rc7 16. e4 Qa8 17. h3 Rec8 18. Nc4 Bb7 19. Qa1 Be7 20. Re1 Ne8 21. Re3 h6 22. Rce1 Bf6 23. a4 Bxb2 24. Qxb2 Ndf6 25. g4 Rd8 26. Nce5 Nh7 27. h4 f6 28. Nc4 e5 29. b4 Ba6 30. b5 Bc8 31. Nh2 Be6 32. f3 Rcd7 33. Qc3 Nc7 34. Nf1 Bf7 35. Ng3 Ne6 36. Nb2 Nhf8 1/2-1/2

[Event "Heusenstamm Sparkassen op 8th"]
[Site "Heusenstamm"]
[Date "2022.11.20"]
[Round "7"]
[White "Blaschke, Henri Johannes"]
[Black "Chassard, Cedric"]
[Result "1/2-1/2"]
[WhiteElo "1822"]
[BlackElo "2041"]
[PlyCount "47"]
[EventDate "2022.11.17"]
[EventType "swiss"]
[EventRounds "7"]
[EventCountry "GER"]
[SourceTitle "CBM 212 Extra"]
[Source "ChessBase"]
[SourceDate "2023.03.31"]
[SourceVersion "1"]
[SourceVersionDate "2023.03.31"]
[SourceQuality "1"]

1. d4 Nf6 2. c4 e6 3. Nf3 d5 4. g3 Be7 5. Bg2 0-0 6. 0-0 dxc4 7. Ne5 Nc6 8. Bxc6 bxc6 9. Nxc6 Qe8 10. Nxe7+ Qxe7 11. Qa4 e5 12. dxe5 Qxe5 13. Nc3 Be6 14. Bf4 Qh5 15. Qb5 Qh3 16. Qc6 Rab8 17. Bc1 Rfd8 18. f3 Nh5 19. Qxc7 Rbc8 20. Qe5 f6 21. Qe3 Nxg3 22. hxg3 Qxg3+ 23. Kh1 Qh3+ 24. Kg1 1/2-1/2

[Event "Heusenstamm Sparkassen op 8th"]
[Site "Heusenstamm"]
[Date "2022.11.18"]
[Round "3"]
[White "Blaschke, Henri Johannes"]
[Black "Wenzel, Calvin"]
[Result "1/2-1/2"]
[WhiteElo "1822"]
[BlackElo "1984"]
[PlyCount "81"]
[EventDate "2022.11.17"]
[EventType "swiss"]
[EventRounds "7"]
[EventCountry "GER"]
[SourceTitle "CBM 212 Extra"]
[Source "ChessBase"]
[SourceDate "2023.03.31"]
[SourceVersion "1"]
[SourceVersionDate "2023.03.31"]
[SourceQuality "1"]

1. d4 Nf6 2. c4 c5 3. d5 e6 4. Nc3 exd5 5. cxd5 d6 6. e4 g6 7. Nf3 a6 8. a4 Bg4 9. h3 Bxf3 10. Qxf3 Bg7 11. Bd3 0-0 12. 0-0 Nbd7 13. Bf4 Qe7 14. Qe2 Rfe8 15. Rfe1 Nh5 16. Bh2 Ne5 17. Bc2 Qh4 18. a5 Re7 19. Ra3 Rae8 20. Rb3 f5 21. Rb6 Rd8 22. Qf1 f4 23. Bd1 Qg5 24. Bxh5 gxh5 25. f3 Rc7 26. Qe2 Ng6 27. Kh1 Be5 28. Nb1 Rg7 29. Nd2 Nh4 30. Nc4 Kh8 31. Nxe5 Qxe5 32. Rg1 Rdg8 33. Qe1 Nxg2 34. Qc3 Ne3 35. Rxg7 Rxg7 36. Qxe3 fxe3 37. Bxe5 dxe5 38. Rb3 e2 39. Re3 Rg3 40. Rxe2 Rxf3 41. Rd2 1/2-1/2

[Event "DSOL 03 Liga Gr-D 1st"]
[Site "Playchess.com INT"]
[Date "2020.07.10"]
[Round "3.4"]
[White "Lackinger, Juergen"]
[Black "Blaschke, Henri Johannes"]
[Result "1-0"]
[WhiteElo "1777"]
[BlackElo "1787"]
[PlyCount "77"]
[EventDate "2020.06.22"]
[EventType "team-tourn (rapid)"]
[EventCountry "GER"]
[SourceTitle "EXT 2021"]
[Source "ChessBase"]
[SourceDate "2020.10.23"]
[SourceVersion "1"]
[SourceVersionDate "2020.10.23"]
[SourceQuality "1"]
[WhiteTeam "MSA Zugzwang"]
[BlackTeam "Vellmar"]
[WhiteTeamCountry "GER"]
[BlackTeamCountry "GER"]

1. c4 e5 2. g3 Nc6 3. Bg2 f5 4. d3 Nf6 5. Nc3 d6 6. e3 g6 7. Nge2 Bg7 8. 0-0 0-0 9. f4 Be6 10. Rb1 Qd7 11. Nd5 Nd8 12. Nxf6+ Bxf6 13. b4 c6 14. Bb2 Rc8 15. a4 Nf7 16. b5 d5 17. cxd5 cxd5 18. Qd2 Bg7 19. Rfc1 Rxc1+ 20. Rxc1 Rc8 21. fxe5 Nxe5 22. Nf4 Rxc1+ 23. Qxc1 Bf7 24. Bd4 g5 25. Qc3 gxf4 26. exf4 Nxd3 27. Bxg7 Qe6 28. Qxd3 Qe1+ 29. Bf1 Kxg7 30. Qd4+ Kg6 31. Qxa7 Qc3 32. a5 d4 33. Qxb7 Qe3+ 34. Kg2 d3 35. Qb6+ Qxb6 36. axb6 d2 37. Be2 Bc4 38. Kf2 Bxb5 39. b7 1-0

[Event "Vellmar op 11th"]
[Site "Vellmar"]
[Date "2019.07.06"]
[Round "5"]
[White "Bieler, Janek"]
[Black "Blaschke, Henri Johannes"]
[Result "1/2-1/2"]
[WhiteElo "1725"]
[BlackElo "1846"]
[PlyCount "55"]
[EventDate "2019.07.04"]
[EventType "swiss"]
[EventRounds "7"]
[EventCountry "GER"]
[SourceTitle "CBM 191 Extra"]
[Source "ChessBase"]
[SourceDate "2019.09.30"]
[SourceVersion "1"]
[SourceVersionDate "2019.09.30"]
[SourceQuality "1"]

1. d4 d5 2. c4 e6 3. Nf3 Nf6 4. g3 Be7 5. Bg2 0-0 6. 0-0 c6 7. Qc2 b6 8. b3 Bb7 9. Bb2 Nbd7 10. Nc3 Rc8 11. Rad1 Qc7 12. e4 Rfd8 13. Rfe1 Qb8 14. Qb1 Qa8 15. cxd5 cxd5 16. e5 Ne8 17. Bf1 Nc7 18. Rc1 Nf8 19. Rc2 Ba6 20. Bc1 Bxf1 21. Rxf1 Na6 22. a3 Nb8 23. b4 a6 24. Bg5 Ng6 25. Rfc1 Qb7 26. Bxe7 Nxe7 27. a4 Rc7 28. Ne2 1/2-1/2

[Event "Hessen-chA"]
[Site "Frankfurt"]
[Date "2019.05.31"]
[Round "4"]
[White "Sever, Mustafa Batuhan"]
[Black "Blaschke, Henri Johannes"]
[Result "1-0"]
[WhiteElo "2068"]
[BlackElo "1838"]
[PlyCount "65"]
[EventDate "2019.05.30"]
[EventType "swiss"]
[EventRounds "7"]
[EventCountry "GER"]
[SourceTitle "EXT 2020"]
[Source "ChessBase"]
[SourceDate "2019.10.17"]
[SourceVersion "1"]
[SourceVersionDate "2019.10.17"]
[SourceQuality "1"]

1. e4 e5 2. Nf3 Nc6 3. Bc4 Bc5 4. c3 Nf6 5. d3 d6 6. Bb3 a6 7. Nbd2 Ba7 8. 0-0 0-0 9. h3 h6 10. Re1 Re8 11. Nf1 Be6 12. Bc2 d5 13. Qe2 dxe4 14. dxe4 Qe7 15. Ng3 Rad8 16. Nh4 Rd7 17. Qf3 Nh7 18. Nhf5 Qf8 19. Nh5 Bxf5 20. exf5 f6 21. h4 Red8 22. b4 Kh8 23. Be4 Qe8 24. a4 Qf7 25. g4 Qc4 26. Kg2 Ne7 27. g5 hxg5 28. hxg5 c6 29. Rh1 Kg8 30. gxf6 Nxf6 31. Nxf6+ gxf6 32. Qg4+ Ng6 33. Rh6 1-0

[Event "Hessen-chA"]
[Site "Frankfurt"]
[Date "2018.05.11"]
[Round "3"]
[White "Kuerschner, Matthias"]
[Black "Blaschke, Henri Johannes"]
[Result "1-0"]
[WhiteElo "2021"]
[BlackElo "1814"]
[PlyCount "75"]
[EventDate "2018.05.10"]
[EventType "swiss"]
[EventRounds "7"]
[EventCountry "GER"]
[SourceTitle "EXT 2019"]
[Source "ChessBase"]
[SourceDate "2018.10.10"]
[SourceVersion "1"]
[SourceVersionDate "2018.10.10"]
[SourceQuality "1"]

1. d4 Nf6 2. c4 e6 3. Nf3 b6 4. e3 Bb7 5. Be2 Be7 6. 0-0 0-0 7. Nc3 d5 8. b3 Na6 9. Bb2 Rc8 10. cxd5 exd5 11. Ne5 c5 12. Nb5 Ra8 13. Rc1 Nc7 14. Qc2 Ne6 15. Rfd1 a6 16. Nc3 Rc8 17. Qf5 cxd4 18. exd4 Qd6 19. Nf3 Rc7 20. Bf1 Bc8 21. Qb1 Qf4 22. Ne2 Rxc1 23. Rxc1 Qd6 24. Ne5 Bb7 25. h3 Ne4 26. Qd3 Bg5 27. Rc2 Rc8 28. Rxc8+ Bxc8 29. Bc1 Bxc1 30. Nxc1 Qc7 31. Ne2 f6 32. Ng4 N6g5 33. Ne3 f5 34. Nxd5 Qb7 35. Nef4 Nxh3+ 36. gxh3 g5 37. Qc4 Kh8 38. Ne7 1-0

[Event "Hessen-chB"]
[Site "Marburg"]
[Date "2017.??.??"]
[Round "3"]
[White "Blaschke, Henri Johannes"]
[Black "John, Volkmar"]
[Result "1/2-1/2"]
[WhiteElo "1777"]
[BlackElo "1818"]
[PlyCount "64"]
[EventDate "2017.05.24"]
[EventType "swiss"]
[EventRounds "7"]
[EventCountry "GER"]
[SourceTitle "EXT 2018"]
[Source "ChessBase"]
[SourceDate "2017.10.13"]
[SourceVersion "1"]
[SourceVersionDate "2017.10.13"]
[SourceQuality "1"]

1. d4 d5 2. Nf3 e6 3. g3 Nf6 4. c4 Be7 5. Qc2 0-0 6. Bg2 b6 7. 0-0 Bb7 8. Nc3 dxc4 9. e4 Nbd7 10. Rd1 Bb4 11. e5 Nd5 12. Ng5 g6 13. h4 Rb8 14. Nxd5 Bxd5 15. Bxd5 exd5 16. e6 f6 17. Nf7 Rxf7 18. exf7+ Kxf7 19. h5 Qe7 20. Bf4 Nf8 21. a3 Bd6 22. Re1 Qd7 23. Bxd6 Qxd6 24. hxg6+ hxg6 25. Qd2 Ne6 26. Kg2 Rh8 27. Rh1 Qf8 28. Rxh8 Qxh8 29. Rh1 Qg7 30. Qe3 f5 31. Re1 Qf6 32. Qd2 c6 1/2-1/2

[Event "Hessen-chB"]
[Site "Marburg"]
[Date "2017.??.??"]
[Round "2"]
[White "Weber, Simon"]
[Black "Blaschke, Henri Johannes"]
[Result "0-1"]
[WhiteElo "1853"]
[BlackElo "1777"]
[PlyCount "74"]
[EventDate "2017.05.24"]
[EventType "swiss"]
[EventRounds "7"]
[EventCountry "GER"]
[SourceTitle "EXT 2018"]
[Source "ChessBase"]
[SourceDate "2017.10.13"]
[SourceVersion "1"]
[SourceVersionDate "2017.10.13"]
[SourceQuality "1"]

1. c4 e6 2. g3 Nf6 3. Bg2 d5 4. Nf3 Be7 5. b3 0-0 6. 0-0 Nbd7 7. Bb2 c6 8. d4 b6 9. Nbd2 Bb7 10. Rc1 Rc8 11. e3 c5 12. Ne1 Ba6 13. Nd3 Re8 14. Re1 Rc7 15. Nf4 cxd4 16. exd4 Nf8 17. cxd5 Nxd5 18. Bxd5 Rxc1 19. Qxc1 exd5 20. Qc6 Qb8 21. Qa4 Bb7 22. Ba3 Ne6 23. Bxe7 Rxe7 24. Nxe6 Bc8 25. Nf3 Bxe6 26. Ne5 Rc7 27. f4 h6 28. g4 f6 29. Ng6 Bf7 30. f5 Rc2 31. Ne5 fxe5 32. Rxe5 Qc7 33. Re8+ Kh7 34. Re5 Rc1+ 35. Kf2 Qc2+ 36. Re2 Qd1 37. Kf3 Qf1+ 0-1